• 首页
  • 本馆介绍
  • 公告通知
  • 最新文献
  • 馆藏检索
  • 电子资源
  • 读者导购
  • 参考咨询
  • 我的图书馆
  • 登录
  • 详细信息显示
  • 放入我的书架
  • 预约/预借图书
  • 作者相关作品
  • 分类相关作品
  • 丛书相关作品
  • 出版社相关作品

书目信息

  • 表格格式
  • 工作单格式
  • 卡片格式
题名:
蛋白质索烃的生物合成与性质
    
 
作者: 王晓威 著
分册:  
出版信息: 北京   《中国学术期刊(光盘版)》电子杂志社有限公司  2021.2
页数: 139页
开本: 24cm
丛书名:
单 册:
中图分类: Q591.2
科图分类:
主题词: 蛋白质--生物合成--研究
电子资源:
ISBN: 978-7-83014-001-4
000 01316nam0 2200229 45
001 012001002940
005 20141010141407.0
010    @a978-7-83014-001-4@b精装@dCNY145.00
100    @a20200331d2020 em y0chiy0110 ea
101 0  @achi
102    @aCN@b110000
105    @ay z 000yy
106    @ar
200 1  @a蛋白质索烃的生物合成与性质@Adan bai zhi suo ting de sheng wu he cheng yu xing zhi@f王晓威著
210    @a北京@c《中国学术期刊(光盘版)》电子杂志社有限公司@d2021.2
215    @a139页@d24cm
330    @a化学的纷繁复杂的手段赋予研究者丰富的想象力与创造力。多级组装体以及功能性生物大分子研究将是未来探究延伸的方向之一。本专著从蛋白质工程的角度对化学组装手段进行延伸,探索了特殊拓扑结构的蛋白质分子的构建。作者从生物大分子的拓扑结构与常用的蛋白质偶联手段出发,按照“大分子设计-基因构-蛋白质工程-性质表征”的思路阐释了如何在胞内环境下实现“编码基因-索烃化蛋白质”。这种具有机械互锁性质的双环拓扑结构使得调控生物大分子的组装形态甚至功能表现成为可能。本专著属于“盘配书”出版项目,纸质书包含本专著主体内容,方便读者进行线下阅读。光盘除利用HTML格式展示主体内容外,附带有与之关联的数字资源及部分原始数据,从而实现纸媒与数媒的融合出版。
606 0  @a蛋白质@x生物合成@x研究
690    @aQ591.2@v5
701  0 @a王晓威@Awang xiao wei@4著
801  0 @aCN@bBJSDL@c20211018
905    @b1350905-7@dQ591.2@e338@f3
    
    蛋白质索烃的生物合成与性质/王晓威著.-北京:《中国学术期刊(光盘版)》电子杂志社有限公司,2021.2
    139页;24cm
    
    
    ISBN 978-7-83014-001-4(精装):CNY145.00
    化学的纷繁复杂的手段赋予研究者丰富的想象力与创造力。多级组装体以及功能性生物大分子研究将是未来探究延伸的方向之一。本专著从蛋白质工程的角度对化学组装手段进行延伸,探索了特殊拓扑结构的蛋白质分子的构建。作者从生物大分子的拓扑结构与常用的蛋白质偶联手段出发,按照“大分子设计-基因构-蛋白质工程-性质表征”的思路阐释了如何在胞内环境下实现“编码基因-索烃化蛋白质”。这种具有机械互锁性质的双环拓扑结构使得调控生物大分子的组装形态甚至功能表现成为可能。本专著属于“盘配书”出版项目,纸质书包含本专著主体内容,方便读者进行线下阅读。光盘除利用HTML格式展示主体内容外,附带有与之关联的数字资源及部分原始数据,从而实现纸媒与数媒的融合出版。
●
相关链接 在E读中查询图书 在五车中查询图书 在当当中查询图书 在豆瓣中查询图书


正题名:蛋白质索烃的生物合成与性质     索取号:Q591.2/338         预约/预借

序号 登录号 条形码 馆藏地/架位号 状态 备注
1 1350905   213509050   第二样本阅览室/ [索取号:Q591.2/338] 在馆    
2 1350906   213509069   第三借阅区/ [索取号:Q591.2/338] 在馆    
3 1350907   213509078   第三借阅区/ [索取号:Q591.2/338] 在馆    
唐山师范学院图书馆 欢迎您!
大连网信软件有限公司© 版权所有